| 000 | 01423nam a2200361 i 4500 | ||
|---|---|---|---|
| 001 | 000022049 | ||
| 003 | DO-SdBPM | ||
| 005 | 20260119101309.0 | ||
| 007 | ta | ||
| 008 | 100916s2006 dr 001 0 spa d | ||
| 020 | _a9945020080 | ||
| 040 |
_aDO-SdBPM _bspa _cBPMSU _erda _d |
||
| 082 | 4 |
_a972.9303 _bH557c 2006 _222 |
|
| 100 | 1 |
_aHernández González, Manuel, _eautor _4aut. |
|
| 245 | 1 | 3 |
_aLa colonización de la frontera dominicana 1680-1795 / _cManuel Vicente Hernández González. |
| 264 |
_aSanto Domingo : _bJunta Directiva de la Academia Dominicana de la Historia, _c2006. |
||
| 300 |
_a316 páginas ; _c23 cm. |
||
| 336 |
_atexto _btxt _2rdacontent |
||
| 337 |
_asin mediación _bn _2rdamedia |
||
| 338 |
_avolumen _bnc _2rdacarrier |
||
| 490 | 0 |
_aArchivo General de la Nación, _v 25 |
|
| 490 | 0 |
_aAcademia Dominicana de la Historia ; _ainvestigaciones _v71/5 |
|
| 500 | _aIncluye datos biográficos del autor en la contracubierta. | ||
| 500 | _aIncluye referencias bibliográficas y notas al pie de las páginas. | ||
| 500 | _aIncluye índice onomástico. | ||
| 504 | _aBibliografía : páginas 285-289 | ||
| 590 | _aInventariado, 2026/VM | ||
| 651 | 7 |
_aRepública Dominicana _xHistoria _xGobierno colonial _y1503-1795 |
|
| 651 | 7 |
_aRepública Dominicana _xLimites _xHistoria |
|
| 651 | 4 |
_aRepública Dominicana _xHistoria _yHasta 1944 |
|
| 910 | _aVMateo V. Control de calidad BPMSU | ||
| 942 |
_2ddc _cBK |
||
| 999 |
_c15607 _d15607 |
||